000 00427 a2200157 4500
003 NUST
005 20230221132354.0
040 _cNust
082 _a297.1227,RAF
100 _aRafi ,Ullah
_9109343
245 _aArbi Khud Sikhaye / عربی خود سیکھے Urdu) /
_cRafi Ullah
260 _aLahore
_bMuktaba Deen -O-Danish
_c1976
300 _a256 .;
650 _a Arabic Language
_9109344
942 _2ddc
_cBK
_k297.1227,RAF
999 _c187793
_d187793